Top 30 children's books Quiz Stats

 Plays Quiz not verified by Sporcle

Challenge
Share
Tweet
Embed
Score 0/30 Timer 10:00
0 Plays Today
Book % Correct
Where the wild things are
81%
The giving tree
61.9%
Green eggs and ham
61.9%
Goodnight moon
57.1%
The lorax
33.3%
Brown bear brown bear what do you see
33.3%
The going to bed book
23.8%
Cloudy with a chance of meatballs
19%
Love you forever
19%
Moo baa la la la
19%
go dog go
19%
Blueberries for Sal
19%
Guess how much I love you
14.3%
Pat the bunny
14.3%
No David
14.3%
Book % Correct
Fancy Nancy
14.3%
Harold and the purple crayon
9.5%
goodnight gorilla
9.5%
chicka chicka boom boom
9.5%
Flotsam
9.5%
Alexander and the terrible horrible no good very bad day
4.8%
Pinkalicious
4.8%
Dont let the pidgeon drive the bus
4.8%
animalia
4.8%
A sick day for amos mcgee
4.8%
the lion and the mouse
4.8%
The very hungry catterpillar
0%
Peek a who
0%
Press here
0%
Zen shorts
0%

You're not logged in!

Compare scores with friends on all Sporcle quizzes.
Join for Free
OR
Log In

You Might Also Like...

Show Comments

Extras

Created Jan 24, 2012ReportNominate
Tags:Author Quiz, Book Quiz, children

Top Quizzes Today


Score Distribution

Your Account Isn't Verified!

In order to create a playlist on Sporcle, you need to verify the email address you used during registration. Go to your Sporcle Settings to finish the process.

Report this User

Report this user for behavior that violates our Community Guidelines.

Details: